Statistics for Name That Musician

Click here to take the quiz!

General Stats

  • This quiz has been taken 53 times
    (16 since last reset)
  • The average score is 7 of 16

Answer Stats

HintAnswer% Correct
Shake It OffTaylor Swift
73%
Let It BeThe Beatles
73%
Bad GuyBillie Eilish
67%
Hot and ColdKaty Perry
67%
Piano ManBilly Joel
60%
MemoriesMaroon 5
60%
Ice Ice BabyVanilla Ice
60%
ABCThe Jackson 5
53%
TelephoneLady Gaga
47%
SatisfactionThe Rolling Stones
47%
BicycleQueen
40%
November RainGuns N’ Roses
33%
TreasureBruno Mars
20%
Go Your Own WayFleetwood Mac
20%
TimePink Floyd
13%
Pinball WizardThe Who
13%

Score Distribution

Percentile by Number Answered

Percent of People with Each Score

Your Score History

You have not taken this quiz since the last reset